Ravel: el músico y su obra

Saved in:
Bibliografiske detaljer
Hovedforfatter: Yankelevitch, Vladimir (Author)
Format: Bog
Sprog:spansk
Udgivet: Buenos Aires Losada 1951
Fag:
Tags: Tilføj Tag
Ingen Tags, Vær først til at tagge denne postø!

MARC

LEADER 00000cam a2200000 a 4500
001 UCF8604
003 CL-VaPUC
008 130930e19510000ag |||||||||||||||||spa|d
082 0 4 |a 927.780  |b YAN  |2 21 
100 0 |a Yankelevitch, Vladimir  |e author  |9 570719 
245 1 0 |a Ravel: el músico y su obra 
300 |a 195 p 
942 |c BK 
945 |d 20130930 13:19:00  |a dcastane 
260 |a Buenos Aires  |b Losada  |c 1951 
600 0 7 |a RAVEL, MAURICE  |2 CL-VaPUC  |9 570720 
650 0 |a Biografías  |9 255210 
650 0 |a Músicos franceses  |9 441944 
583 |a last modification  |c 20130930 13:19:00  |k Rodrigo Vera 
999 |c 353171  |d 353169 
952 |0 0  |1 0  |3 erb  |4 0  |6 927_780000000000000_YAN_1951  |7 0  |8 R  |9 458249  |a BIBEDU  |b BIBEDU  |d 2019-11-23  |i 5002451  |o 927.780 YAN 1951  |p 5002451  |r 2023-01-12  |w 2019-11-23  |y BK_R  |z Catalogado en:20130930  |k MUS